| 000 | 00373nam a22001457a 4500 | ||
|---|---|---|---|
| 020 | _a9788131758373 | ||
| 040 | _cNUST | ||
| 082 | _a629.8 GHO | ||
| 100 |
_aGhosh, Smarajit _9732 |
||
| 245 |
_aControl Systems: _bTheory And Applications |
||
| 250 | _a2nd Edition | ||
| 260 |
_aNEW DELHI: _bPEARSON EDUCATION, _c2012. |
||
| 650 |
_aControl System _967839 |
||
| 942 |
_2ddc _cBK |
||
| 999 |
_c589970 _d589970 |
||